000 00225nam a22000857a 4500
008 161116b xxu||||| |||| 00| 0 eng d
100 _91241
_aBPI India
245 _aThe Cures of the Hidden tre
260 _aNew Delhi
_bBPI India
_c2011
999 _c3946
_d3946